000
00205 a2200097 4500
001
12998
100
_a
Westfail,R.S
245
_a
Backgrounds Commentaries
260
_a
_b
W.W.Norton
_c
090
_c
10002
_d
10002
942
_a
NUST-CAE
_c
M
_c
7
999
_c
248071
_d
248071